| 000 | 00566nam a2200121Ia 4500 | ||
|---|---|---|---|
| 008 | 220615s9999||||xx |||||||||||||| ||und|| | ||
| 100 | _aPreston, John | ||
| 245 | 0 |
_aArtificial Intelligence in the Capitalist University _bAcademic Labour, Commodification, and Value |
|
| 546 | _aEnglish[eng] | ||
| 650 | _aHigher and further education, tertiary education||Philosophy and theory of education | ||
| 856 | _uhttps://library.oapen.org/bitstream/20.500.12657/51159/1/9781000471496.pdf||https://library.oapen.org/bitstream/20.500.12657/51159/1/9781000471496.pdf | ||
| 942 | _cEB | ||
| 999 |
_c8899 _d8899 |
||